Financial services marketing : A Reader / (Record no. 2943)

000 -LEADER
fixed length control field 01073cam a22003495a 4500
001 - CONTROL NUMBER
control field 14719074
003 - CONTROL NUMBER IDENTIFIER
control field OSt
005 - DATE AND TIME OF LATEST TRANSACTION
control field 20160824155339.0
008 - FIXED-LENGTH DATA ELEMENTS--GENERAL INFORMATION
fixed length control field 070131s2007 ne a b 001 0 eng
010 ## - LIBRARY OF CONGRESS CONTROL NUMBER
LC control number 2007295341
015 ## - NATIONAL BIBLIOGRAPHY NUMBER
National bibliography number GBA666677
Source bnb
016 7# - NATIONAL BIBLIOGRAPHIC AGENCY CONTROL NUMBER
Record control number 013522533
Source Uk
020 ## - INTERNATIONAL STANDARD BOOK NUMBER
International Standard Book Number 9780030990199
035 ## - SYSTEM CONTROL NUMBER
System control number (OCoLC)ocm70844726
035 ## - SYSTEM CONTROL NUMBER
System control number (OCoLC)70844726
040 ## - CATALOGING SOURCE
Original cataloging agency UKM
Transcribing agency UKM
Modifying agency BAKER
-- BWKUK
-- YDXCP
-- OCLCQ
-- DLC
042 ## - AUTHENTICATION CODE
Authentication code lccopycat
050 ## - LIBRARY OF CONGRESS CALL NUMBER
Classification number HG 173.M5 1997
082 04 - DEWEY DECIMAL CLASSIFICATION NUMBER
Classification number 332.10688
Edition number 22
100 1# - MAIN ENTRY--PERSONAL NAME
Personal name Meidan, Arthur.
245 10 - TITLE STATEMENT
Title Financial services marketing : A Reader /
Statement of responsibility, etc Arthur Meidan, Barbara Lewis & Luiz Mooutinho
250 ## - EDITION STATEMENT
Edition statement
260 ## - PUBLICATION, DISTRIBUTION, ETC. (IMPRINT)
Place of publication, distribution, etc London
Name of publisher, distributor, etc The Dryden Press
Date of publication, distribution, etc 1997
300 ## - PHYSICAL DESCRIPTION
Extent x, 375 p. :
Dimensions 23 cm.
504 ## - BIBLIOGRAPHY, ETC. NOTE
Bibliography, etc Includes bibliographical references and index.
650 #0 - SUBJECT ADDED ENTRY--TOPICAL TERM
Topical term or geographic name as entry element Financial services industry
General subdivision Marketing.
700 ## - ADDED ENTRY--PERSONAL NAME
Personal name Lewis, Barbara
700 ## - ADDED ENTRY--PERSONAL NAME
Personal name Moutinho, Luiz
906 ## - LOCAL DATA ELEMENT F, LDF (RLIN)
a 0
b ibc
c copycat
d 3
e ncip
f 20
g y-gencatlg
942 ## - ADDED ENTRY ELEMENTS (KOHA)
Source of classification or shelving scheme
Koha item type Book
Holdings
Withdrawn status Lost status Source of classification or shelving scheme Damaged status Not for loan Home library Current library Shelving location Date acquired Total Checkouts Full call number Barcode Date last seen Copy number Price effective from Koha item type
          Riara University Library Riara University Library General stack 24/08/2016   HG 173.M5 1997 8314/16 24/08/2016 C.1 24/08/2016 Book

Riara University Library,
P.O. Box 49940-00100,
Nairobi, Kenya.